| 000 | 00522nam a22001937a 4500 | ||
|---|---|---|---|
| 003 | CEME | ||
| 005 | 20210628201636.0 | ||
| 008 | 210212b xxu||||| |||| 00| 0 eng d | ||
| 020 | _a0-8311-1125-9 | ||
| 040 | _c. | ||
| 082 | _a658.562 ENR | ||
| 100 |
_aEnrick, Norbert Lloyd _912305 |
||
| 245 | _aQuality reliability, and process improvement | ||
| 250 | _a8TH | ||
| 260 |
_aNEW YORK _bENRICK, NORBERT LLOYD _c1985 |
||
| 300 | _aX,401P | ||
| 650 |
_aQUALITY CONTROL RELIABILITY-ENGINEERING _956135 |
||
| 942 |
_cBK _2ddc |
||
| 999 |
_c566653 _d566653 |
||